00990nam a22003017a 4500003000500000005001700005008004100022010001000063011001000073035001000083040000900093082001900102100002600121245002600147250001000173260003200183300003000215590004100245590004100286590004100327590004200368650003300410901000700443942001000450949007200460999001700532952013900549CHAP20220329134359.0971013s1968 r 00010 d a19657 a20629 a24717 cCHAP a151.2bA5 196800aAnastasi, Anne.95483 aPsychological testing a3 ed. aNew York :bMcMillan,c1968 a665 p.b: ilus. ; gráfs aBATCH-UPDb10c20130110lUCH01h1923 aBATCH-UPDb10c20130410lUCH01h1249 aBATCH-UPDb10c20130914lUCH01h2045 aCONVERSIONb10c20130109lUCH01h131214aTest psicológicos.9112474 aBK cLIBRO a151.2 A5 1968bBCcLIBROd33724000231403eLIBROh53155i24717mDsi c19657d19657 00102ddc4052708GRALaBCbBCcPA_GRALd2019-12-31fLIBROl0o151.2 A5 1968p33724000231403r2019-12-31 00:00:00w2019-12-31yLIBRO